LEADER 01487oam 2200409 a 450 001 9910692063703321 005 20031114094308.0 035 $a(CKB)5470000002350786 035 $a(OCoLC)52864512 035 9 $aocm52864512 035 $a(OCoLC)995470000002350786 035 $a(EXLCZ)995470000002350786 100 $a20030818d2003 ua 0 101 0 $aeng 135 $auran|||||| 181 $ctxt$2rdacontent 182 $cc$2rdamedia 183 $acr$2rdacarrier 200 10$aChild welfare$b[electronic resource] $emost states are developing statewide information systems, but reliability of child welfare data could be improved : report to congressional requesters /$fUnited States General Accounting Office 210 1$aWashington, D.C. :$cU.S. General Accounting Office,$d[2003] 300 $aTitle from title screen (viewed on Nov. 14, 2003). 300 $a"July 2003." 300 $aPaper version available from: General Accounting Office, 441 G St., NW, Rm. LM, Washington, D.C. 20548. 300 $a"GAO-03-809." 320 $aIncludes bibliographical references. 517 $aChild welfare 606 $aChild welfare$zUnited States 606 $aChild welfare$zUnited States$xStates$xData processing 615 0$aChild welfare 615 0$aChild welfare$xStates$xData processing. 801 0$bCFI 801 1$bCFI 801 2$bGPO 906 $aBOOK 912 $a9910692063703321 996 $aChild welfare$92186547 997 $aUNINA